| 000 | 01676cam a22004334i 4500 | ||
|---|---|---|---|
| 003 | PE-LiUPU | ||
| 005 | 20250731173207.0 | ||
| 008 | 1968 s1968 pe a rb 000 0 eng d | ||
| 020 | _zNo tiene ISBN | ||
| 035 | _aPE-LiUPU000010 | ||
| 040 |
_aPE-LiUPU _beng _cPE-LiUPU _erda |
||
| 082 | 0 | 4 |
_a261.515 _bD857p _223 |
| 100 | 1 |
_aDuffie, David, _eautor. _95762 |
|
| 245 | 1 | 0 |
_aPsychology and the Christian religion / _cDavid Duffie. |
| 264 | 1 |
_aNashville, Tennessee : _bSouthern Publishing Association, _c1968. |
|
| 300 |
_a160 paginas ; _c21 cm |
||
| 336 |
_atext _2rdacontent |
||
| 337 |
_aunmediated _2rdamedia |
||
| 338 |
_avolumen _2rdacarrier |
||
| 504 | _aIncluye referencias bibliográficas (p. 155) e índice (p. 158). | ||
| 505 | 0 | _aPsychotherapy and Traditional Christianity -- The Appeal of Man-Centered Religion -- What Is Wrong With Religious Liberalism? -- The Modern Revival of the Confessional -- The Origin of Psychotherapy -- Seventh-day Adventists and Spiritualism -- Psychiatry and the Clergy -- The Christian Dynamic -- The Ministry of Mental Healing -- Summary and Forward Look -- Bibliography -- Index. | |
| 526 | _aSEG42 | ||
| 526 | _aSEG41 | ||
| 526 | _aSEG40 | ||
| 526 | _aSEG39 | ||
| 526 | _aP94 | ||
| 526 | _aP87 | ||
| 526 | _aP86 | ||
| 526 | _aP85 | ||
| 526 | _aP77 | ||
| 526 | _aP76 | ||
| 526 | _aP35 | ||
| 650 | 1 | 0 |
_aPsicología de la religión. _95758 |
| 650 | 2 | 4 |
_aCristianismo _xPsicología. _95763 |
| 710 |
_aSouthern Publishing Association, _epublicador _95764 |
||
| 942 |
_2ddc _cBK |
||
| 980 |
_81 _gALBERTO SANCHEZ Responsable de Automatización |
||
| 999 |
_c39088 _d39088 |
||